000 00465nam a2200157 a 4500
001 000037998
005 20201002031140.0
008 130311s2012 dr 000 0 spa d
020 _a9789945006834
040 _aDO-SdBNP
_bspa
_cBNPHU
100 1 _aGómez Ricourt, Rafaela
_9267
245 1 0 _aMisionera de Cristo /
_cRafaela Ricourt Gómez.
260 _aSanto Domingo :
_bImprenta Molinaga,
_c2012.
300 _a126 p. ;
_c22 cm.
504 _aBibliografía : p. 127
999 _c37488
_d37488